<?xml version="1.0" encoding="UTF-8"?>
<collection xmlns="http://www.loc.gov/MARC21/slim">
 <record>
  <leader>00925nas a2200241   4500</leader>
  <controlfield tag="001">1/51072</controlfield>
  <controlfield tag="008">020404s19749999lu frzp       0   a0eng d</controlfield>
  <datafield tag="022" ind1="0" ind2=" ">
   <subfield code="a">1012-2249</subfield>
  </datafield>
  <datafield tag="035" ind1=" " ind2=" ">
   <subfield code="l">31286</subfield>
  </datafield>
  <datafield tag="090" ind1=" " ind2=" ">
   <subfield code="a">ΚΕΤ Αλφαβητική σειρά</subfield>
  </datafield>
  <datafield tag="245" ind1="0" ind2="0">
   <subfield code="a">Eurobarometer</subfield>
  </datafield>
  <datafield tag="260" ind1=" " ind2=" ">
   <subfield code="a">Luxembourg :</subfield>
   <subfield code="b">Office for Official Publications of the European Communities,</subfield>
   <subfield code="c">1974-</subfield>
  </datafield>
  <datafield tag="300" ind1=" " ind2=" ">
   <subfield code="a">τ. :</subfield>
   <subfield code="b">εικ. ;</subfield>
   <subfield code="c">29 εκ.</subfield>
  </datafield>
  <datafield tag="310" ind1=" " ind2=" ">
   <subfield code="a">Δύο φορές το χρόνο</subfield>
  </datafield>
  <datafield tag="546" ind1=" " ind2=" ">
   <subfield code="a">Γαλλικά, Αγγλικά</subfield>
  </datafield>
  <datafield tag="650" ind1=" " ind2="4">
   <subfield code="a">Public opinion</subfield>
   <subfield code="z">European Economic Community countries</subfield>
   <subfield code="v">Periodicals.</subfield>
  </datafield>
  <datafield tag="710" ind1="2" ind2=" ">
   <subfield code="a">European Commission.</subfield>
  </datafield>
  <datafield tag="950" ind1=" " ind2=" ">
   <subfield code="c">ΚΕΝΤΡΟ ΕΥΡΩΠΑΙΚΗΣ ΤΕΚΜΗΡΙΩΣΗΣ</subfield>
   <subfield code="d">665</subfield>
  </datafield>
  <datafield tag="951" ind1=" " ind2=" ">
   <subfield code="a">No. 66 (Sep./Oct. 2006)</subfield>
   <subfield code="b">Main run</subfield>
  </datafield>
  <datafield tag="951" ind1=" " ind2=" ">
   <subfield code="a">No. 38 (1992) - No. 61 (2004)</subfield>
   <subfield code="b">Main run</subfield>
  </datafield>
  <datafield tag="951" ind1=" " ind2=" ">
   <subfield code="a">No. 64 (Oct./Nov. 2006)</subfield>
   <subfield code="b">Main run</subfield>
  </datafield>
  <datafield tag="951" ind1=" " ind2=" ">
   <subfield code="a">No. 65 (Mar./Apr. 2006)</subfield>
   <subfield code="b">Main run</subfield>
  </datafield>
  <datafield tag="952" ind1=" " ind2=" ">
   <subfield code="a">No. 59, 60, 62, 63</subfield>
  </datafield>
 </record>
</collection>
